000 00523nam a22001817a 4500
005 20251108172207.0
008 250721s1990 xx 000 0 ara d
082 1 4 _a636.2950956/حنا
100 1 _aالحتي، حنا نصر
245 1 0 _aالإبل العربية الأصيلة /
264 1 _aطرابلس ( لبنان ) :
_bجروس برس،
_c1990.
300 _a182ص : مص
650 1 7 _aالإبل
650 1 7 _aالبلدان العربية
650 1 7 _aالجمل
942 _2ddc
_cBK
999 _c72817
_d72817